000 00574nam a2200133Ia 4500
008 170516s9999 xx 000 0 und d
245 _aCombination of IVIM-DWI and 3D-ASL for differentiating true progression from pseudoprogression of Glioblastoma multiforme after concurrent chemoradiotherapy: study protocol of a prospective diagnostic trial
260 _bBMC Medical Imaging
260 _c2017
300 _a17:
650 _xMedical Technology
650 _xMedtech
856 _uhttp://bmcmedimaging.biomedcentral.com/articles?query=&volume=17&searchType=&tab=keyword
999 _c330110
_d330110